000 00791nam a2200265 i 4500
001 000016678
003 DO-SdBNP
005 20230920110713.0
007 ta
008 100309s1999 dr a 001 0 spa d
020 _a9993400025
040 _aDO-SdBNP
_bspa
_cBNPHU
_erda
082 4 _222
_axxxx
_bG216n
100 1 _aGarcía, Láutico
_923410
_eautor
245 1 0 _aLa nueva evangelización pastoralizada de su santidad Juan Pablo II /
_cLáutico García, S.J.
264 _aSanto Domingo :
_bCorripio,
_c1999
300 _a2volumen ;
_c24 cm.
336 _2rdacontent
_atexto
_btxt
337 _2rdamedia
_asin mediación
_bn
338 _2rdacarrier
_avolumen
_bnc
500 _aLa biblioteca posee 2 volumen
590 _aInventariado, 2023/DG
910 _aDG
942 _2ddc
_cLBS1
999 _c54849
_d54849